000 00638nam a22001817a 4500
003 OSt
005 20251029022013.0
008 251029b |||||||| |||| 00| 0 eng d
040 _aDWCL - Main Lib
_cOC
082 _aGR 220.9 W582al 1993 V.1
100 _aWhite, Ellen G.
245 _aAlpha and Omega :
_bThe origin of mankind the birth and deliverance of Israel. The beginning of the wanderings in the wilderness /
_cEllen G. White
260 _aPhilippines :
_bThe Ellen G. White pub.,
_cc1993.
300 _a348 p.:
_bill.;
_c23 cm.
490 _vVolume 1
_x971-581-004-7 (set)
700 _aEllen G. White
942 _2ddc
_cGR
_mGR
_n0
999 _c5264
_d5264